Special relativity in general frames: from particles to Astrophysics

Wedi'i Gadw mewn:
Manylion Llyfryddiaeth
Prif Awdur: Gourgoulhon, Eric (Awdur)
Fformat: Llyfr
Iaith:Saesneg
Cyhoeddwyd: Berlín Springer 2013
Rhifyn:1a. ed
Cyfres:Graduate Texts in Physics
Pynciau:
Tagiau: Ychwanegu Tag
Dim Tagiau, Byddwch y cyntaf i dagio'r cofnod hwn!

MARC

LEADER 00000cam a2200000 a 4500
001 UCC0091
003 CL-VaPUC
008 170721e20130000gw |||||||||||||||||eng|d
020 |a 9783662520833 
082 0 4 |a 530.11  |b GOU  |2 21 
100 0 |a Gourgoulhon, Eric  |e author  |9 594007 
245 1 0 |a Special relativity in general frames: from particles to Astrophysics 
250 |a 1a. ed 
300 |a 784 p 
942 |c BK 
945 |d 20170721 23:47:00  |a dcastane 
260 |a Berlín  |b Springer  |c 2013 
650 0 |a Teoría de la relatividad   |9 266149 
650 0 |a Física   |9 227844 
583 |a last modification  |c 20170721 23:47:00  |k Rodrigo Vera 
490 0 |a Graduate Texts in Physics 
999 |c 369039  |d 369037 
952 |0 0  |1 0  |3 erb  |4 0  |6 530_110000000000000_GOU_2013  |7 0  |8 A  |9 484572  |a BIBCUR  |b BIBCUR  |i 5409195  |l 5  |m 2  |o 530.11 GOU 2013  |p 5409195  |r 2025-04-22  |s 2025-03-27  |w 2019-11-24  |y BK  |z Catalogado en:20170721  |k FIS